[Event "4NCL Division 1d"]
[Site "Birmingham, ENG"]
[Date "2016.04.30"]
[Round "9.178"]
[White "Jameson, David"]
[Black "Ackley, Peter J E"]
[Result "1/2-1/2"]
[WhiteElo "2125"]
[BlackElo "2087"]
[PlyCount "117"]
[EventDate "2016.04.30"]
[WhiteTeam "South Wales Dragons"]
[BlackTeam "Spirit of Atticus A"]

1. d4 g6 2. e4 Bg7 3. Be3 d5 4. exd5 Qxd5 5. Nf3 Nf6 6. Be2 O-O 7. O-O c6 8. c4
Qa5 9. Nc3 Nbd7 10. Qc2 e5 11. h3 exd4 12. Nxd4 Re8 13. Rad1 Nf8 14. Bf4 Ne6
15. Nb3 Qf5 16. Qxf5 gxf5 17. Be5 Ng5 18. f4 Nge4 19. Bd3 Be6 20. Ne2 c5 21.
Nc3 b6 22. Rfe1 Rad8 23. Bxe4 Rxd1 24. Rxd1 Nxe4 25. Nd5 Bxe5 26. fxe5 Kg7 27.
Nc7 Re7 28. Nxe6+ fxe6 29. Nc1 Ng5 30. Rd8 Nf7 31. Ra8 Nxe5 32. b3 Nc6 33. Kf1
Rd7 34. Ke2 Rd8 35. Rxd8 Nxd8 36. Nd3 Nc6 37. Ke3 e5 38. Nf2 Kf6 39. Nd1 Nb4
40. Nc3 e4 41. g4 fxg4 42. Nxe4+ Kf5 43. hxg4+ Kxg4 44. Nf6+ Kf5 45. Nxh7 Nxa2
46. Kd2 Nb4 47. Nf8 Nc6 48. Kc3 Ne5 49. b4 Kf6 50. bxc5 bxc5 51. Kb3 Kf7 52.
Nh7 Nf3 53. Ka4 Ke7 54. Kb5 Kd6 55. Nf6 Nd2 56. Ne8+ Kd7 57. Kxc5 Kxe8 58. Kb5
Nxc4 59. Kxc4 1/2-1/2

[Event "4NCL Division 1d"]
[Site "Birmingham, ENG"]
[Date "2016.04.30"]
[Round "9.182"]
[White "Rendle, Thomas E"]
[Black "Brown, Martin"]
[Result "1-0"]
[WhiteElo "2354"]
[BlackElo "2254"]
[PlyCount "43"]
[EventDate "2016.04.30"]
[WhiteTeam "Grantham Sharks 1"]
[BlackTeam "White Rose 2"]

1. e4 e6 2. d4 d5 3. Nd2 Be7 4. e5 c5 5. c3 Nc6 6. Bd3 cxd4 7. cxd4 Qb6 8. Ndf3
Bd7 9. Ne2 Nb4 10. Bb1 Qa6 11. Nc3 Rc8 12. a3 h6 13. Ng1 Bd8 14. Nge2 Ne7 15.
O-O Rc7 16. Be3 b5 17. Nf4 Nc8 18. Qe2 g5 19. Nh5 Nc6 20. Nxb5 Kf8 21. Bd3 Rb7
22. Nd6 1-0

[Event "4NCL Division 1d"]
[Site "Birmingham, ENG"]
[Date "2016.04.30"]
[Round "9.183"]
[White "Barrett, Stephen J"]
[Black "Roberson, Peter T"]
[Result "0-1"]
[WhiteElo "2191"]
[BlackElo "2377"]
[PlyCount "62"]
[EventDate "2016.04.30"]
[WhiteTeam "White Rose 2"]
[BlackTeam "Grantham Sharks 1"]

1. d4 Nf6 2. c4 e6 3. Nc3 Bb4 4. Qc2 O-O 5. a3 Bxc3+ 6. Qxc3 b6 7. Bg5 Bb7 8.
e3 d6 9. f3 Nbd7 10. Bd3 c5 11. dxc5 Nxc5 12. Bc2 Rc8 13. Rd1 Nfe4 14. fxe4
Qxg5 15. Nf3 Qe7 16. e5 dxe5 17. Qxe5 Bxf3 18. gxf3 Qh4+ 19. Qg3 Qxc4 20. Rg1
g6 21. Rg2 Rfd8 22. Rgd2 Rxd2 23. Rxd2 Nb3 24. Bxb3 Qxb3 25. Qf4 Qb5 26. Qf6
Rc1+ 27. Kf2 Qf1+ 28. Kg3 Qe1+ 29. Rf2 Qxe3 30. Kg2 h6 31. h4 Qe1 0-1

[Event "4NCL Division 1d"]
[Site "Birmingham, ENG"]
[Date "2016.04.30"]
[Round "9.184"]
[White "Batchelor, Peter J"]
[Black "Shaw, Peter"]
[Result "1-0"]
[WhiteElo "2335"]
[BlackElo "2138"]
[PlyCount "89"]
[EventDate "2016.04.30"]
[WhiteTeam "Grantham Sharks 1"]
[BlackTeam "White Rose 2"]

1. d4 e6 2. c4 f5 3. Nf3 Nf6 4. g3 d5 5. Bg2 c6 6. O-O Bd6 7. b3 Qe7 8. Bb2 b6
9. Nbd2 Bb7 10. Ne5 O-O 11. Qc2 Rc8 12. Rac1 Nbd7 13. e3 Rc7 14. Nd3 c5 15.
dxc5 Nxc5 16. Nxc5 Rxc5 17. Qb1 dxc4 18. Bxb7 Qxb7 19. Nxc4 Be7 20. Bd4 Rd5 21.
Bxf6 Bxf6 22. e4 fxe4 23. Qxe4 Rad8 24. Ne3 R5d7 25. Qxe6+ Kh8 26. Rfd1 Rxd1+
27. Rxd1 Rxd1+ 28. Nxd1 h6 29. Ne3 Qa6 30. a4 Qe2 31. Qe8+ Kh7 32. Qe4+ Kh8 33.
Qa8+ Kh7 34. Qxa7 Bd4 35. Qe7 Bc5 36. Qe4+ Kh8 37. Kg2 Qd2 38. h4 Qe2 39. Qf3
Qb2 40. Nf5 Qc2 41. h5 Qb2 42. Nh4 Qc2 43. b4 Bd4 44. Ng6+ Kh7 45. Qf8 1-0

[Event "4NCL Division 1d"]
[Site "Birmingham, ENG"]
[Date "2016.04.30"]
[Round "9.185"]
[White "Gayson, Peter M"]
[Black "Sanchez Botella, Luis Javier"]
[Result "0-1"]
[WhiteElo "2131"]
[BlackElo "2278"]
[PlyCount "134"]
[EventDate "2016.04.30"]
[WhiteTeam "White Rose 2"]
[BlackTeam "Grantham Sharks 1"]

1. e4 c5 2. Nf3 e6 3. d4 cxd4 4. Nxd4 a6 5. Nc3 d6 6. Be2 Nf6 7. O-O Be7 8. f4
Nc6 9. Be3 O-O 10. a4 Bd7 11. Qe1 Qc7 12. Kh1 Nxd4 13. Bxd4 Bc6 14. Qg3 g6 15.
f5 e5 16. Be3 b5 17. Bh6 Rfe8 18. Bg5 Nxe4 19. Nxe4 Bxe4 20. Bf3 d5 21. Bxe4
dxe4 22. Bxe7 Qxe7 23. f6 Qc5 24. Qh4 Rad8 25. axb5 axb5 26. c3 Re6 27. Rae1
Qc6 28. h3 Rdd6 29. Qxe4 Qe8 30. Ra1 h5 31. Ra8 Rd8 32. Rxd8 Qxd8 33. Ra1 Qxf6
34. Ra8+ Kg7 35. Qb4 Rd6 36. Ra1 Rd5 37. c4 Qf4 38. b3 bxc4 39. bxc4 Rd4 40.
Re1 Rxc4 41. Qb2 Qd4 42. Qe2 e4 43. Rd1 Qc3 44. Rf1 Rb4 45. Qa6 e3 46. Qa7 Qb3
47. Qc5 Re4 48. Qc6 Qe6 49. Qc3+ Qe5 50. Qb3 Rf4 51. Re1 e2 52. Qd3 Re4 53. Kg1
Qc5+ 54. Kh2 Re3 55. Qd2 Qe5+ 56. Kg1 Re4 57. Kh1 Qf6 58. Kg1 Qb6+ 59. Kh1 Qf2
60. Kh2 Re3 61. Kh1 h4 62. Qd4+ Kh7 63. Qd2 g5 64. Qc2+ Kh6 65. Qd2 f6 66. Qc1
Rd3 67. Rg1 Qxg1+ 0-1

[Event "4NCL Division 1d"]
[Site "Birmingham, ENG"]
[Date "2016.04.30"]
[Round "9.186"]
[White "Foisor, Mihaela-Veronica"]
[Black "Sucikova, Svetlana"]
[Result "1/2-1/2"]
[WhiteElo "2263"]
[BlackElo "2207"]
[PlyCount "151"]
[EventDate "2016.04.30"]
[WhiteTeam "Grantham Sharks 1"]
[BlackTeam "White Rose 2"]

1. d4 d5 2. c4 e6 3. Nc3 c6 4. e3 Nf6 5. Nf3 Nbd7 6. Qc2 Bd6 7. b3 O-O 8. Be2
b6 9. O-O Bb7 10. Bb2 Rc8 11. Rad1 Qe7 12. e4 dxe4 13. Nxe4 Nxe4 14. Qxe4 Nf6
15. Qh4 Rfd8 16. Bd3 h6 17. Rfe1 Nh7 18. Qe4 Nf6 19. Qe2 Qc7 20. Bb1 Nd7 21.
Qc2 Nf8 22. c5 Be7 23. b4 a5 24. a3 axb4 25. axb4 Ba6 26. Ne5 Bf6 27. Ng4 Bg5
28. Qc3 bxc5 29. bxc5 Rb8 30. Ba1 Qa7 31. Ba2 Bc8 32. Bc4 f5 33. Ne5 Qa4 34.
Qf3 Bf6 35. Qxc6 Qb4 36. Rc1 Bxe5 37. dxe5 Bd7 38. Qf3 Rbc8 39. Qxf5 Rxc5 40.
Qg4 Qa5 41. Bc3 Qc7 42. Bb4 Rxe5 43. Be2 Qb7 44. Be7 Re4 45. Bxd8 Rxg4 46. Bxg4
Bc6 47. f3 Bd5 48. Bc7 Qb2 49. Be5 Qb6+ 50. Kh1 Nd7 51. Bh5 Nxe5 52. Rxe5 Kh7
53. Rce1 Kg8 54. Bg4 Kf7 55. Bxe6+ Bxe6 56. Rxe6 Qb2 57. Re7+ Kg6 58. g3 Qf2
59. f4 Kh5 60. R7e2 Qf3+ 61. Kg1 Kg4 62. Re3 Qb7 63. Re4 Qb2 64. R1e2 Qb3 65.
f5+ Kxf5 66. Rf4+ Kg5 67. Re7 Qc3 68. Kg2 Qc6+ 69. Rfe4 Kf5 70. R7e5+ Kf6 71.
Kf3 Qc3+ 72. Kf4 Qd2+ 73. Kg4 Qxh2 74. Re6+ Kf7 75. Re7+ Kg6 76. R4e6+ 1/2-1/2

[Event "4NCL Division 1d"]
[Site "Birmingham, ENG"]
[Date "2016.04.30"]
[Round "9.187"]
[White "Lewyk, Ihor"]
[Black "Visa Jordana, Joel"]
[Result "0-1"]
[WhiteElo "2054"]
[BlackElo "2227"]
[PlyCount "134"]
[EventDate "2016.04.30"]
[WhiteTeam "White Rose 2"]
[BlackTeam "Grantham Sharks 1"]

1. Nf3 Nf6 2. d4 d5 3. e3 g6 4. Bd3 Bg7 5. O-O O-O 6. Ne5 c5 7. c3 b6 8. Qe2
Bb7 9. Nd2 Qc7 10. f4 Nbd7 11. Ndf3 Ne4 12. Bd2 c4 13. Bxe4 dxe4 14. Ng5 Bd5
15. Qg4 Nxe5 16. fxe5 f6 17. exf6 exf6 18. Nh3 f5 19. Qf4 Qxf4 20. Nxf4 Bf7 21.
h4 Bf6 22. g3 Kg7 23. Kg2 Be7 24. Rf2 h6 25. Rh1 b5 26. a3 a5 27. Ra1 g5 28.
hxg5 hxg5 29. Ne2 Bh5 30. Ng1 Bg4 31. Rb1 a4 32. Rc1 Ra6 33. Kf1 Rh6 34. Rg2
Rh1 35. Kf2 Rfh8 36. Re1 Bd6 37. Rc1 Kg6 38. Re1 Kf6 39. Rc1 R8h2 40. Re1 Bh5
41. Rc1 Bf7 42. Ne2 Bd5 43. Rxh1 Rxh1 44. Rg1 Rh2+ 45. Kf1 Bf7 46. Rg2 Rh1+ 47.
Ng1 Bd5 48. Re2 Rh8 49. Be1 Kg6 50. Rg2 Kf6 51. Ne2 Bf7 52. Kg1 Bh5 53. Rh2 Kg6
54. Kf2 Rf8 55. Rh3 Rf7 56. Rh2 Bg4 57. Ng1 f4 58. gxf4 gxf4 59. Rg2 Kf5 60.
exf4 Bxf4 61. Ne2 e3+ 62. Kg1 Bxe2 63. Rxe2 Ke4 64. Rg2 Kd3 65. d5 e2 66. Rg4
Be3+ 67. Kg2 Rd7 0-1

[Event "4NCL Division 1d"]
[Site "Birmingham, ENG"]
[Date "2016.04.30"]
[Round "9.188"]
[White "Milson, Samuel A"]
[Black "Jones, Rupert"]
[Result "1-0"]
[WhiteElo "2102"]
[BlackElo "1869"]
[PlyCount "71"]
[EventDate "2016.04.30"]
[WhiteTeam "Grantham Sharks 1"]
[BlackTeam "White Rose 2"]

1. e4 d5 2. exd5 Nf6 3. Nf3 Bg4 4. Be2 Qxd5 5. d4 e6 6. O-O Bd6 7. h3 Bh5 8. c4
Qc6 9. Nc3 Qd7 10. c5 Be7 11. Qb3 Bxf3 12. Bxf3 c6 13. Qc4 O-O 14. b4 Rd8 15.
Rd1 Nd5 16. a4 Bf6 17. Ne4 Be7 18. b5 Qc7 19. Ba3 Nd7 20. Rab1 Rab8 21. Nd6
N7f6 22. Rb3 Ne8 23. bxc6 bxc6 24. Nxe8 Rxe8 25. Rdb1 Bf6 26. Qa6 Rxb3 27. Rxb3
Bxd4 28. Qb7 Qe5 29. Rb1 Qg3 30. Qxc6 Bxf2+ 31. Kh1 Rd8 32. Qd6 Qxd6 33. cxd6
g6 34. Rb7 Nb6 35. Bb2 h5 36. Bf6 1-0

[Event "4NCL Division 2a"]
[Site "Birmingham, ENG ENG"]
[Date "2015.11.14"]
[Round "1.211"]
[White "Lawton, Geoff W"]
[Black "Maciol, Ryszard"]
[Result "1/2-1/2"]
[WhiteElo "2252"]
[BlackElo "2159"]
[PlyCount "31"]
[EventDate "2015.11.14"]
[WhiteTeam "Warwickshire Select 1"]
[BlackTeam "Celtic Tigers 1"]

1. e4 e6 2. d4 d5 3. Nc3 Bb4 4. e5 b6 5. Qg4 Bf8 6. Bb5+ c6 7. Ba4 a5 8. Bb3
Ba6 9. Nge2 Ne7 10. Ng3 Nd7 11. a3 g6 12. Nce2 Nf5 13. Nxf5 exf5 14. Qf3 Bg7
15. h4 f6 16. exf6 1/2-1/2

[Event "4NCL Division 2a"]
[Site "Birmingham, ENG ENG"]
[Date "2015.11.14"]
[Round "1.212"]
[White "du Maire, Jerome"]
[Black "Pitcher, John"]
[Result "1-0"]
[WhiteElo "2172"]
[BlackElo "2245"]
[PlyCount "91"]
[EventDate "2015.11.14"]
[WhiteTeam "Celtic Tigers 1"]
[BlackTeam "Warwickshire Select 1"]

1. d4 d5 2. c4 c6 3. Nf3 Nf6 4. e3 Bf5 5. Nc3 e6 6. Nh4 Bg4 7. Qb3 Qc7 8. h3
Bh5 9. g4 Bg6 10. Nxg6 hxg6 11. Bg2 Nbd7 12. Bd2 Nb6 13. cxd5 exd5 14. O-O-O
O-O-O 15. Kb1 Nc4 16. Bc1 Nd6 17. f3 Nc4 18. e4 Nb6 19. e5 Ne8 20. f4 f5 21.
Qc2 Qf7 22. Bf1 Be7 23. Bd3 Rf8 24. h4 Kb8 25. h5 gxh5 26. gxf5 Nc7 27. Qe2 Rh8
28. Rh3 h4 29. Qg4 Rdg8 30. Ne2 Bd8 31. Ng1 Qe7 32. Nf3 c5 33. dxc5 Na4 34. Ng5
Nxc5 35. Bc2 Rh6 36. Rxh4 Ne4 37. Bxe4 dxe4 38. Rh3 Qb4 39. Rb3 Qc4 40. Rc3 Qa4
41. Qe2 Nb5 42. Rc4 Qa5 43. Qxe4 Rb6 44. Ka1 Ra6 45. a3 Be7 46. Rd7 1-0

[Event "4NCL Division 2a"]
[Site "Birmingham, ENG ENG"]
[Date "2015.11.14"]
[Round "1.213"]
[White "Mason, Donald J"]
[Black "Pedersen, Carsten"]
[Result "1-0"]
[WhiteElo "2207"]
[BlackElo "2165"]
[PlyCount "51"]
[EventDate "2015.11.14"]
[WhiteTeam "Warwickshire Select 1"]
[BlackTeam "Celtic Tigers 1"]

1. c4 e5 2. Nc3 Nc6 3. Nf3 g6 4. g3 Bg7 5. Bg2 d6 6. O-O f5 7. d3 Nf6 8. Rb1 a6
9. b4 O-O 10. a4 h6 11. b5 axb5 12. axb5 Ne7 13. Bb2 Be6 14. Ra1 Rb8 15. Qc2 b6
16. Ra7 g5 17. Rfa1 Qd7 18. Nd5 Nexd5 19. cxd5 Nxd5 20. e4 Nb4 21. Qd2 Qxb5 22.
Rxc7 Nxd3 23. Rxg7+ Kxg7 24. Nxg5 hxg5 25. Qxg5+ Kf7 26. exf5 1-0

[Event "4NCL Division 2a"]
[Site "Birmingham, ENG ENG"]
[Date "2015.11.14"]
[Round "1.214"]
[White "Kemp, Peter D"]
[Black "Lam, Paul G M"]
[Result "1/2-1/2"]
[WhiteElo "2162"]
[BlackElo "2192"]
[PlyCount "24"]
[EventDate "2015.11.14"]
[WhiteTeam "Celtic Tigers 1"]
[BlackTeam "Warwickshire Select 1"]

1. d4 Na6 2. Nf3 c6 3. b3 g6 4. Bb2 Bg7 5. e3 d5 6. Be2 Nh6 7. O-O Nc7 8. c4
O-O 9. Nc3 Nf5 10. Rc1 Nd6 11. c5 Ne4 12. Nd2 Nxd2 1/2-1/2

[Event "4NCL Division 2a"]
[Site "Birmingham, ENG ENG"]
[Date "2015.11.14"]
[Round "1.215"]
[White "Stepanyan, Henrik"]
[Black "Quinn, John M"]
[Result "1/2-1/2"]
[WhiteElo "2132"]
[BlackElo "2112"]
[PlyCount "70"]
[EventDate "2015.11.14"]
[WhiteTeam "Warwickshire Select 1"]
[BlackTeam "Celtic Tigers 1"]

1. c4 g6 2. Nc3 Bg7 3. d4 Nf6 4. e4 d6 5. Nf3 O-O 6. h3 e5 7. d5 a5 8. Be3 Na6
9. Be2 Nd7 10. g4 Ndc5 11. g5 f5 12. gxf6 Qxf6 13. Qd2 Bd7 14. Bg5 Qf7 15. Be3
Rab8 16. h4 Qe8 17. h5 Bg4 18. Ng5 Bxe2 19. Qxe2 h6 20. Ne6 Nxe6 21. dxe6 g5
22. Qg4 Nc5 23. Bxc5 dxc5 24. O-O-O Rf4 25. Qh3 g4 26. Qe3 Qxe6 27. Nd5 Rf3 28.
Qxc5 c6 29. Ne7+ Kh7 30. Nf5 b6 31. Nxg7 Kxg7 32. Rd7+ Qxd7 33. Qxe5+ Kh7 34.
Qxb8 Rxf2 35. Qxb6 Qd2+ 1/2-1/2

[Event "4NCL Division 2a"]
[Site "Birmingham, ENG ENG"]
[Date "2015.11.14"]
[Round "1.216"]
[White "Stevenson, James"]
[Black "Hynes, Anthony M"]
[Result "1-0"]
[WhiteElo "2053"]
[BlackElo "2145"]
[PlyCount "89"]
[EventDate "2015.11.14"]
[WhiteTeam "Celtic Tigers 1"]
[BlackTeam "Warwickshire Select 1"]

1. e4 e5 2. Nf3 Nc6 3. Bc4 Bc5 4. b4 Bxb4 5. c3 Ba5 6. d4 exd4 7. O-O Nge7 8.
Qb3 O-O 9. cxd4 Bb6 10. Qc3 d5 11. exd5 Nxd5 12. Qd3 Nxd4 13. Nxd4 Nb4 14. Qb3
Bxd4 15. Nc3 Nc6 16. Bb5 Be6 17. Qc2 Nb4 18. Qd2 a6 19. Be2 Nxa2 20. Rxa2 Bxc3
21. Qxc3 Bxa2 22. Bb2 f6 23. Rd1 Qe7 24. Bf3 c5 25. h4 Rac8 26. h5 h6 27. Re1
Qd7 28. Qc2 Bf7 29. Rd1 Qe7 30. Qf5 Qe6 31. Qf4 Qb3 32. Ba1 Rcd8 33. Rc1 b6 34.
Be4 Bd5 35. Bc2 Qa3 36. Rb1 f5 37. Qe5 Rf7 38. Bxf5 b5 39. Rd1 Qb3 40. Rd3 Qc4
41. Rg3 Qc1+ 42. Kh2 Qg5 43. Rxg5 hxg5 44. h6 Rf6 45. h7+ 1-0

[Event "4NCL Division 2a"]
[Site "Birmingham, ENG ENG"]
[Date "2015.11.14"]
[Round "1.217"]
[White "Baruch, Andrew J D"]
[Black "Way, Julian M"]
[Result "1/2-1/2"]
[WhiteElo "2074"]
[BlackElo "1987"]
[PlyCount "36"]
[EventDate "2015.11.14"]
[WhiteTeam "Warwickshire Select 1"]
[BlackTeam "Celtic Tigers 1"]

1. g3 c6 2. Bg2 Nf6 3. Nf3 d6 4. O-O Bg4 5. h3 Bxf3 6. exf3 e6 7. f4 Be7 8. d3
O-O 9. Nd2 Qc7 10. a4 a5 11. Nc4 Nbd7 12. Bd2 d5 13. Ne3 Rfe8 14. f5 Bf8 15.
fxe6 fxe6 16. Ng4 Nxg4 17. Qxg4 Nf6 18. Qe2 Bd6 1/2-1/2

[Event "4NCL Division 2a"]
[Site "Birmingham, ENG ENG"]
[Date "2015.11.14"]
[Round "1.218"]
[White "Zhou, Yang-Jian"]
[Black "Parekh, Rajen M"]
[Result "1-0"]
[WhiteElo "1945"]
[BlackElo "1855"]
[PlyCount "73"]
[EventDate "2015.11.14"]
[WhiteTeam "Celtic Tigers 1"]
[BlackTeam "Warwickshire Select 1"]

1. Nf3 d5 2. d4 Nf6 3. c4 e6 4. Nc3 Bb4 5. Qa4+ Nc6 6. Ne5 a5 7. Nxc6 bxc6 8.
Bg5 O-O 9. a3 Be7 10. c5 Bd7 11. e3 Nh5 12. Bxe7 Qxe7 13. Be2 Qg5 14. g4 Nf6
15. h4 Qg6 16. h5 Qh6 17. O-O-O e5 18. dxe5 Nxg4 19. Bxg4 Bxg4 20. Qxg4 f5 21.
Qf4 Qe6 22. Qg3 Qe7 23. Rdg1 Rf7 24. h6 g6 25. Rh5 Kf8 26. Rg5 Qxc5 27. Rxg6
hxg6 28. Qxg6 Ke7 29. e6 Rf6 30. Qg7+ Kxe6 31. h7 Qf8 32. Qg8+ Qxg8 33. Rxg8
Rh6 34. Rxa8 Rxh7 35. Rxa5 Rh2 36. Nd1 Rh4 37. b3 1-0

[Event "4NCL Division 2a"]
[Site "Birmingham, ENG ENG"]
[Date "2015.11.14"]
[Round "1.221"]
[White "Asenov, Pavel"]
[Black "Mcgowan, Daniel"]
[Result "1/2-1/2"]
[WhiteElo "2237"]
[BlackElo "2149"]
[PlyCount "51"]
[EventDate "2015.11.14"]
[WhiteTeam "Brown Jack Witney"]
[BlackTeam "Grantham Sharks 2"]

1. d4 Nf6 2. c4 e6 3. Nc3 Bb4 4. e3 b6 5. Nge2 c5 6. a3 Ba5 7. Rb1 Qe7 8. Bd2
O-O 9. g3 Bb7 10. d5 exd5 11. Bg2 Bxc3 12. Nxc3 d6 13. Nxd5 Nxd5 14. cxd5 Ba6
15. Bc3 Nd7 16. Qa4 Bd3 17. Rd1 c4 18. Rxd3 cxd3 19. Qd4 f5 20. Qxd3 Rac8 21.
O-O Nc5 22. Qd1 Ne4 23. Bd4 Nf6 24. Qd3 Nd7 25. Re1 Ne5 26. Qe2 1/2-1/2

[Event "4NCL Division 2a"]
[Site "Birmingham, ENG ENG"]
[Date "2015.11.14"]
[Round "1.222"]
[White "Purton, Ben J"]
[Black "Martin, Lewis"]
[Result "1-0"]
[WhiteElo "2185"]
[BlackElo "2117"]
[PlyCount "113"]
[EventDate "2015.11.14"]
[WhiteTeam "Grantham Sharks 2"]
[BlackTeam "Brown Jack Witney"]

1. e4 c5 2. Nf3 d6 3. Bb5+ Bd7 4. Bxd7+ Qxd7 5. c4 g6 6. O-O Bg7 7. d4 cxd4 8.
Nxd4 Nf6 9. f3 O-O 10. Be3 Nc6 11. Nc3 Rac8 12. Nde2 Rfd8 13. Qd2 e6 14. Rfd1
b6 15. Bg5 Ne7 16. b3 Ne8 17. Rac1 Kf8 18. a4 Qb7 19. Qe3 Rd7 20. Rd2 Rcd8 21.
Rcd1 Nc7 22. Qf4 Qc6 23. Qh4 h5 24. Nb5 Nxb5 25. axb5 Qc5+ 26. Kf1 d5 27. Nf4
d4 28. Nd3 Qc7 29. Ra2 Ra8 30. Ke2 Ng8 31. Bf4 e5 32. Bg5 f6 33. Bd2 Kf7 34.
Qh3 Bf8 35. Rf1 Qb7 36. Rfa1 Bd6 37. Kf2 Rc7 38. Ra6 Ne7 39. Re1 Rf8 40. g3 Qc8
41. Qxc8 Nxc8 42. Rc1 Kg7 43. Kg2 f5 44. Re1 Re7 45. Bg5 Re6 46. b4 Bc7 47.
exf5 Rxf5 48. h4 Re8 49. c5 Rf7 50. Re4 Rd7 51. f4 Rd5 52. fxe5 Bb8 53. Bf6+
Kf7 54. Nf4 Rdxe5 55. Bxe5 Rxe5 56. Rxe5 Bxe5 57. Kf3 1-0

[Event "4NCL Division 2a"]
[Site "Birmingham, ENG ENG"]
[Date "2015.11.14"]
[Round "1.223"]
[White "Whatley, Stephen A J"]
[Black "Murphy, Hugh W"]
[Result "1/2-1/2"]
[WhiteElo "2132"]
[BlackElo "2172"]
[PlyCount "81"]
[EventDate "2015.11.14"]
[WhiteTeam "Brown Jack Witney"]
[BlackTeam "Grantham Sharks 2"]

1. d4 d5 2. Nf3 Nf6 3. Bg5 Ne4 4. Bf4 c5 5. e3 Qb6 6. Nc3 Nxc3 7. bxc3 Qb2 8.
c4 Qc3+ 9. Nd2 cxd4 10. cxd5 dxe3 11. Bxe3 Qa5 12. Bc4 Nd7 13. O-O Nf6 14. Nb3
Qc7 15. Qd4 e5 16. dxe6 Bxe6 17. Bxe6 fxe6 18. Bf4 Qd7 19. Rfe1 Kf7 20. Qxd7+
Nxd7 21. Rad1 Nf6 22. Nd4 Bb4 23. Bd2 Bxd2 24. Rxd2 Rhd8 25. c3 Rac8 26. Rb2
Rxc3 27. Nxe6 Rd7 28. Rxb7 Rxb7 29. Nd8+ Kg6 30. Nxb7 Rc2 31. a4 Ne4 32. f3 Nc3
33. Re6+ Kf5 34. Ra6 Kf4 35. Nd6 Ne2+ 36. Kf1 Nd4 37. Rxa7 Rc1+ 38. Kf2 Rc2+
39. Kf1 Rc1+ 40. Kf2 Rc2+ 41. Kf1 1/2-1/2

[Event "4NCL Division 2a"]
[Site "Birmingham, ENG ENG"]
[Date "2015.11.14"]
[Round "1.224"]
[White "Varnam, Liam D"]
[Black "Padilla Cabero, Pablo"]
[Result "1-0"]
[WhiteElo "2129"]
[BlackElo "2176"]
[PlyCount "97"]
[EventDate "2015.11.14"]
[WhiteTeam "Grantham Sharks 2"]
[BlackTeam "Brown Jack Witney"]

1. e4 e5 2. Nf3 Nc6 3. Bb5 Nge7 4. O-O a6 5. Ba4 g6 6. c3 Bg7 7. d4 d6 8. h3
O-O 9. d5 Nb8 10. c4 Nd7 11. Qe2 Nc5 12. Bc2 f5 13. Nc3 a5 14. Be3 b6 15. a3 f4
16. Bxc5 bxc5 17. Rab1 Bf6 18. Nh2 h5 19. b4 cxb4 20. axb4 axb4 21. Rxb4 Ra3
22. Rb3 Rxb3 23. Bxb3 Bd7 24. c5 Qa8 25. c6 Bc8 26. Bc4 Qa5 27. Nb5 Kg7 28. Rb1
g5 29. Qa2 Qxa2 30. Bxa2 Rf7 31. Nxc7 f3 32. Ne8+ Kg6 33. Nxd6 Rf8 34. Nxc8
Nxc8 35. gxf3 Be7 36. Rc1 Bd6 37. Kg2 Rf7 38. Nf1 Ra7 39. Rc2 Ne7 40. Ne3 Kf6
41. Nc4 Nc8 42. Rb2 Ra6 43. Bb1 Bc5 44. Rb8 Ra4 45. Nxe5 Kxe5 46. Rxc8 Rb4 47.
c7 Rb2 48. Re8+ Kd6 49. c8=Q 1-0

[Event "4NCL Division 2a"]
[Site "Birmingham, ENG ENG"]
[Date "2015.11.14"]
[Round "1.225"]
[White "Mihalik, Agoston"]
[Black "Birtwistle, Nigel"]
[Result "1/2-1/2"]
[WhiteElo "2155"]
[BlackElo "2120"]
[PlyCount "50"]
[EventDate "2015.11.14"]
[WhiteTeam "Brown Jack Witney"]
[BlackTeam "Grantham Sharks 2"]

1. e4 c5 2. Nf3 g6 3. d4 cxd4 4. Nxd4 Bg7 5. c4 d6 6. Be2 Nf6 7. Nc3 O-O 8. O-O
Nc6 9. Be3 Bd7 10. Qd2 a5 11. f3 Nxd4 12. Bxd4 Bc6 13. Be3 Nd7 14. Nd5 e6 15.
Nc3 Be5 16. f4 Bxc3 17. bxc3 Bxe4 18. Qxd6 Bc6 19. Rad1 Qb8 20. c5 Nf6 21. Bd4
Ne4 22. Qe5 Qxe5 23. fxe5 a4 24. Bf3 Ra5 25. Bxe4 Bxe4 1/2-1/2

[Event "4NCL Division 2a"]
[Site "Birmingham, ENG ENG"]
[Date "2015.11.14"]
[Round "1.226"]
[White "McCarthy, Kevin C"]
[Black "Girdlestone, Paul C"]
[Result "0-1"]
[WhiteElo "2011"]
[BlackElo "2120"]
[PlyCount "74"]
[EventDate "2015.11.14"]
[WhiteTeam "Grantham Sharks 2"]
[BlackTeam "Brown Jack Witney"]

1. d4 Nf6 2. Nc3 d5 3. e4 Nxe4 4. Nxe4 dxe4 5. Bc4 Qd6 6. c3 Nc6 7. Ne2 Bg4 8.
Qb3 O-O-O 9. Ng3 Na5 10. Qb5 Nxc4 11. Qxc4 e5 12. Nxe4 Qg6 13. d5 Bf5 14. Ng3
Bd3 15. Qa4 Bc5 16. Be3 Bxe3 17. fxe3 Qb6 18. Qg4+ Kb8 19. e4 Qxb2 20. Rd1
Qxc3+ 21. Rd2 Bb5 22. Qf3 Qxf3 23. gxf3 g6 24. Kf2 Rd6 25. Rb1 Ba6 26. Ke3 Rhd8
27. f4 f6 28. fxe5 fxe5 29. Rf2 c6 30. Rf7 cxd5 31. Re7 d4+ 32. Kd2 Rf6 33.
Rxe5 Rf2+ 34. Ke1 Rxh2 35. Rd1 Rxa2 36. Rd5 Rxd5 37. exd5 Rg2 0-1

[Event "4NCL Division 2a"]
[Site "Birmingham, ENG ENG"]
[Date "2015.11.14"]
[Round "1.227"]
[White "Richmond, Peter"]
[Black "Batchelor, Guy J"]
[Result "1/2-1/2"]
[WhiteElo "2126"]
[BlackElo "2020"]
[PlyCount "102"]
[EventDate "2015.11.14"]
[WhiteTeam "Brown Jack Witney"]
[BlackTeam "Grantham Sharks 2"]

1. e4 c5 2. Nf3 Nc6 3. d4 cxd4 4. Nxd4 e5 5. Nb5 d6 6. N1c3 a6 7. Na3 b5 8. Nd5
Nf6 9. Bg5 Be7 10. Bxf6 Bxf6 11. c3 Be6 12. Nc2 Bg5 13. a4 O-O 14. axb5 axb5
15. Bxb5 Rxa1 16. Qxa1 Ne7 17. Ncb4 Nxd5 18. exd5 Bg4 19. Nc6 Qb6 20. Qa6 Qxa6
21. Bxa6 Ra8 22. Nb4 Bc8 23. Be2 Ra1+ 24. Bd1 Rb1 25. b3 Rc1 26. c4 Bf5 27. f3
h5 28. g3 Rb1 29. h4 Be3 30. Rh2 Bd4 31. Nc6 Bc3+ 32. Rd2 Kf8 33. Ke2 Bxd2 34.
Kxd2 Ke8 35. f4 exf4 36. gxf4 Bd7 37. Kd3 Ra1 38. Bxh5 g6 39. Bd1 Bf5+ 40. Kd2
Ra2+ 41. Ke3 Rh2 42. Nd4 Rxh4 43. Nxf5 gxf5 44. b4 Rh1 45. Bc2 Rh3+ 46. Kd2 Rf3
47. Bxf5 Kd8 48. Bd3 Rxf4 49. Ke3 Rh4 50. Be4 Kc7 51. c5 f5 1/2-1/2

[Event "4NCL Division 2a"]
[Site "Birmingham, ENG ENG"]
[Date "2015.11.14"]
[Round "1.228"]
[White "Summerscale, Claire E"]
[Black "Rabbitt, Michael"]
[Result "1/2-1/2"]
[WhiteElo "1885"]
[BlackElo "2050"]
[PlyCount "70"]
[EventDate "2015.11.14"]
[WhiteTeam "Grantham Sharks 2"]
[BlackTeam "Brown Jack Witney"]

1. d4 d5 2. Nf3 Nf6 3. e3 Bf5 4. Bd3 Bxd3 5. Qxd3 c6 6. O-O Nbd7 7. b3 e6 8.
Bb2 Be7 9. Nbd2 O-O 10. h3 Qc7 11. Ne5 Nxe5 12. dxe5 Nd7 13. f4 f6 14. Nf3 Nc5
15. Qd1 Ne4 16. Nd2 f5 17. Nxe4 dxe4 18. Qe2 Rad8 19. Rfd1 Qa5 20. a4 Rd5 21.
Rxd5 cxd5 22. Bd4 Rc8 23. c3 Rc6 24. Qb5 Qc7 25. b4 a6 26. Qe2 Rc4 27. a5 Qd7
28. Qd1 Rc8 29. Qa4 Qxa4 30. Rxa4 Kf7 31. Kf2 g5 32. g3 gxf4 33. exf4 h5 34.
Ra1 Rg8 35. h4 Rc8 1/2-1/2

[Event "4NCL Division 2a"]
[Site "Birmingham, ENG ENG"]
[Date "2015.11.14"]
[Round "1.231"]
[White "Goldie, Thomas"]
[Black "Snuverink, Jochem"]
[Result "1/2-1/2"]
[WhiteElo "2237"]
[BlackElo "2390"]
[PlyCount "102"]
[EventDate "2015.11.14"]
[WhiteTeam "Barbican 4NCL Youth"]
[BlackTeam "Kings Head"]

1. e4 e5 2. Nf3 Nc6 3. Bc4 Nf6 4. d3 Bc5 5. Bb3 d6 6. c3 a6 7. Nbd2 Ba7 8. O-O
Ne7 9. d4 Ng6 10. Re1 O-O 11. h3 Re8 12. Bc2 Bd7 13. Nf1 Nh5 14. Be3 Nhf4 15.
Ng3 Qc8 16. Nf5 d5 17. Nxe5 dxe4 18. Nxg6 Nxg6 19. Ng3 f5 20. Bb3+ Kh8 21. Nh5
Be6 22. Nf4 Nxf4 23. Bxf4 c6 24. Qd2 Bxb3 25. axb3 Qe6 26. b4 Rad8 27. Qe3 h6
28. h4 Qg6 29. Qg3 Kh7 30. Re3 Re6 31. Ra5 Rd5 32. Rxd5 cxd5 33. Qxg6+ Rxg6 34.
h5 Rg4 35. g3 g5 36. hxg6+ Rxg6 37. Re1 h5 38. Kg2 Rc6 39. Kf1 Kg6 40. Ke2 Bb6
41. Ra1 Rc8 42. Be5 Kg5 43. Rh1 Bd8 44. Rh4 Kg6 45. Rh1 Kg5 46. Rh4 Bc7 47.
Bxc7 Rxc7 48. Ke3 b5 49. Rh1 Rf7 50. Rh2 f4+ 51. gxf4+ Kg6 1/2-1/2